Logo Biblioteca

Michaelis : (Registro nro. 619)

Detalles MARC
000 -LEADER
fixed length control field 00650nam a22001937a 4500
003 - CONTROL NUMBER IDENTIFIER
control field AR-RoUNCS
005 - DATE AND TIME OF LATEST TRANSACTION
control field 20250925124813.0
008 - FIXED-LENGTH DATA ELEMENTS--GENERAL INFORMATION
fixed length control field 250925t1992 bl |||||r|||| 001 0 por d
020 ## - INTERNATIONAL STANDARD BOOK NUMBER
International Standard Book Number 85-06-0134405
040 ## - CATALOGING SOURCE
Original cataloging agency AR-RoUNCS
Transcribing agency AR-RoUNCS
080 ## - UNIVERSAL DECIMAL CLASSIFICATION NUMBER
Authority record control number or standard number (038)=134.3
100 1# - MAIN ENTRY--PERSONAL NAME
Personal name Pereira, Helena Bonito Couto,
Dates associated with a name 1950-
Relator term autor
245 10 - TITLE STATEMENT
Title Michaelis :
Remainder of title pequeno dicionário : espanhol-português, português-espanhol /
Statement of responsibility, etc. Helena B. D. Pereira e Rena Signer.
260 ## - PUBLICATION, DISTRIBUTION, ETC.
Place of publication, distribution, etc. São Paulo :
Name of publisher, distributor, etc. Melhoramentos,
Date of publication, distribution, etc. c1992.
300 ## - PHYSICAL DESCRIPTION
Extent 632 p. ;
Other physical details 15 cm.
650 #4 - SUBJECT ADDED ENTRY--TOPICAL TERM
Topical term or geographic name entry element PORTUGUÉS
General subdivision ESPAÑOL
Form subdivision DICCIONARIOS
700 1# - ADDED ENTRY--PERSONAL NAME
Personal name Signer, Rena,
Dates associated with a name 1954-
Relator term autor
942 ## - ADDED ENTRY ELEMENTS (KOHA)
Source of classification or shelving scheme Universal Decimal Classification
Koha item type Obra General
Suppress in OPAC No
Existencias
Withdrawn status Lost status Source of classification or shelving scheme Damaged status Not for loan Collection Home library Current library Date acquired Source of acquisition Total checkouts Full call number Barcode Date last seen Price effective from Koha item type
    Universal Decimal Classification     Colección de Referencia Biblioteca Escuela de Ciencias Sociales Biblioteca Escuela de Ciencias Sociales 25/09/2025 Donación 2023   (038)=134.3 P436 000949 25/09/2025 25/09/2025 Obra General
Biblioteca de la Escuela Preuniversitaria en Ciencias Sociales y Humanísticas.
Riobamba 250 bis.
CP 2000 - Rosario - Santa Fe
E-Mail: biblioteca@esociales.unr.edu.ar